[Event "FIDE World Uni Rapid-F 1st"]
[Site "Tornelo INT"]
[Date "2021.03.21"]
[Round "10"]
[White "De Silva, Shelani"]
[Black "Gutierrez Vargas, Robert"]
[Result "0-1"]
[WhiteElo "1511"]
[BlackElo "1870"]
[PlyCount "78"]
[EventDate "2021.03.20"]
[EventType "swiss (rapid)"]
[EventRounds "12"]
[EventCountry "NET"]
[SourceTitle "EXT 2022"]
[Source "ChessBase"]
[SourceDate "2021.10.06"]
[SourceVersion "1"]
[SourceVersionDate "2021.10.06"]
[SourceQuality "1"]

1. e4 e5 2. Nf3 Nc6 3. Bb5 a6 4. Ba4 Nf6 5. 0-0 Bc5 6. Nxe5 Nxe5 7. d4 Bxd4 8. Qxd4 Nc6 9. Qd1 0-0 10. Re1 d6 11. Bg5 h6 12. Bh4 Ne5 13. f4 Ng6 14. Bxf6 Qxf6 15. f5 Qxb2 16. Nd2 Qd4+ 17. Kh1 Qxa4 18. fxg6 fxg6 19. Nf3 Kh7 20. e5 Bg4 21. Rf1 dxe5 22. Qd5 Rad8 23. Qxe5 Bxf3 24. Rxf3 Rxf3 25. gxf3 Qxc2 26. Rg1 Rd2 27. Qg3 Qf5 28. Re1 c5 29. Re4 c4 30. Re5 Qb1+ 31. Re1 Rd1 32. Rxd1 Qxd1+ 33. Kg2 c3 34. h4 c2 35. h5 Qe2+ 36. Kh3 Qe6+ 37. Kg2 c1Q 38. hxg6+ Qxg6 39. Qxg6+ Kxg6 0-1

[Event "FIDE World Uni Rapid-F 1st"]
[Site "Tornelo INT"]
[Date "2021.03.20"]
[Round "2"]
[White "Brodsky, David"]
[Black "Gutierrez Vargas, Robert"]
[Result "1-0"]
[WhiteElo "2455"]
[BlackElo "1870"]
[PlyCount "113"]
[EventDate "2021.03.20"]
[EventType "swiss (rapid)"]
[EventRounds "12"]
[EventCountry "NET"]
[SourceTitle "EXT 2022"]
[Source "ChessBase"]
[SourceDate "2021.10.06"]
[SourceVersion "1"]
[SourceVersionDate "2021.10.06"]
[SourceQuality "1"]

1. e4 e5 2. Nf3 Nc6 3. Bc4 Nf6 4. d3 Bc5 5. c3 d6 6. 0-0 0-0 7. Re1 Bb6 8. a4 a5 9. Nbd2 Ne7 10. Bb3 c6 11. Nf1 Ng6 12. Ng3 Re8 13. h3 h6 14. d4 Be6 15. Bc2 Bc7 16. Be3 d5 17. Nxe5 Nxe5 18. dxe5 Nxe4 19. Nxe4 dxe4 20. Bd4 Bd5 21. Bxe4 Bxe4 22. Rxe4 Qd5 23. Qf3 c5 24. Be3 Rad8 25. Bf4 f5 26. Ree1 Qxf3 27. gxf3 g5 28. Be3 Rxe5 29. Red1 f4 30. Rxd8+ Bxd8 31. Rd1 Bf6 32. Bc1 Re2 33. Bd2 c4 34. Kf1 Re6 35. Bc1 Kf7 36. Rd7+ Re7 37. Rd5 Re5 38. Rd7+ Re7 39. Rd5 Re5 40. Rd4 Re7 41. Rxc4 Rd7 42. Ke2 Re7+ 43. Re4 Rxe4+ 44. fxe4 h5 45. f3 Ke6 46. Bd2 Kd6 47. Kd3 Kc5 48. b4+ axb4 49. cxb4+ Kc6 50. Kc4 Be5 51. b5+ Kd6 52. Bb4+ Ke6 53. a5 Bb8 54. Bc5 g4 55. fxg4 f3 56. gxh5 Bg3 57. Kd3 1-0

[Event "FIDE World Uni Rapid-F 1st"]
[Site "Tornelo INT"]
[Date "2021.03.20"]
[Round "5"]
[White "Gutierrez Vargas, Robert"]
[Black "Scripcaru, George Daniel"]
[Result "1-0"]
[WhiteElo "1870"]
[BlackElo "2170"]
[PlyCount "81"]
[EventDate "2021.03.20"]
[EventType "swiss (rapid)"]
[EventRounds "12"]
[EventCountry "NET"]
[SourceTitle "EXT 2022"]
[Source "ChessBase"]
[SourceDate "2021.10.06"]
[SourceVersion "1"]
[SourceVersionDate "2021.10.06"]
[SourceQuality "1"]

1. e4 e6 2. Nf3 d5 3. exd5 exd5 4. d4 Bd6 5. c4 Nf6 6. Nc3 dxc4 7. Bxc4 0-0 8. 0-0 Bg4 9. Bg5 Nbd7 10. h3 Bh5 11. Re1 Re8 12. g4 Rxe1+ 13. Qxe1 Bg6 14. Ne5 Nb6 15. Bb3 a5 16. f4 a4 17. Bd1 Bxe5 18. dxe5 Qd4+ 19. Qf2 Qxf2+ 20. Kxf2 Ne4+ 21. Nxe4 Bxe4 22. Rc1 c6 23. f5 a3 24. bxa3 Rxa3 25. Bb3 Bd5 26. Be7 Ra6 27. Rd1 h6 28. Bc5 Bxb3 29. Rd8+ Kh7 30. axb3 Nd5 31. e6 fxe6 32. fxe6 Ra2+ 33. Kf3 Rb2 34. b4 Rb3+ 35. Ke4 b6 36. Bd4 Rxb4 37. Ke5 Rb3 38. Rxd5 cxd5 39. e7 Rb1 40. Kxd5 Re1 41. Be5 1-0